RICS 2011 Principles of measurement (international) survey report (Record no. 113274)
[ view plain ]
| 000 -LEADER | |
|---|---|
| fixed length control field | 00839cam a22002295a 4500 |
| 001 - CONTROL NUMBER | |
| control field | L154994 |
| 008 - FIXED-LENGTH DATA ELEMENTS--GENERAL INFORMATION | |
| fixed length control field | 120215s2012 xxk f 000 0 eng d |
| 035 ## - SYSTEM CONTROL NUMBER | |
| System control number | (Sirsi) u154994 |
| 041 0# - LANGUAGE CODE | |
| Language code of text/sound track or separate title | eng |
| 110 2# - MAIN ENTRY--CORPORATE NAME | |
| Corporate name or jurisdiction name as entry element | Building Cost Information Service |
| 9 (RLIN) | 1096 |
| 245 00 - TITLE STATEMENT | |
| Title | RICS 2011 Principles of measurement (international) survey report |
| 260 ## - PUBLICATION, DISTRIBUTION, ETC. | |
| Place of publication, distribution, etc. | London |
| Name of publisher, distributor, etc. | BCIS |
| Date of publication, distribution, etc. | 2012 |
| 520 ## - SUMMARY, ETC. | |
| Summary, etc. | Details the use of the RICS Principles of Measurement (International) (POMI) accross the globe, by RICS fellows and professional members. |
| 520 ## - SUMMARY, ETC. | |
| Summary, etc. | Supersedes 1st ed. (ISBN #0854061088) |
| 521 ## - TARGET AUDIENCE NOTE | |
| Target audience note | Advanced |
| 590 ## - LOCAL NOTE (RLIN) | |
| Local note | KA |
| 650 24 - SUBJECT ADDED ENTRY--TOPICAL TERM | |
| Topical term or geographic name entry element | POMI |
| 651 #4 - SUBJECT ADDED ENTRY--GEOGRAPHIC NAME | |
| Geographic name | International |
| 690 ## - LOCAL SUBJECT ADDED ENTRY--TOPICAL TERM (OCLC, RLIN) | |
| Topical term or geographic name as entry element | Measurement |
| 9 (RLIN) | 6256 |
| 856 40 - ELECTRONIC LOCATION AND ACCESS | |
| Uniform Resource Identifier | <a href="https://www.bcis.co.uk/downloads/RICS-POMISurvey2011Report.pdf">https://www.bcis.co.uk/downloads/RICS-POMISurvey2011Report.pdf</a> |
| Public note | View the report online for free at www.rics.org. |
| 942 ## - ADDED ENTRY ELEMENTS (KOHA) | |
| Suppress in OPAC | 0 |
| Withdrawn status | Lost status | Source of classification or shelving scheme | Damaged status | Not for loan | Home library | Current library | Shelving location | Date acquired | Total Checkouts | Full call number | Barcode | Date last seen | Copy number | Price effective from | Koha item type |
|---|---|---|---|---|---|---|---|---|---|---|---|---|---|---|---|
| Dewey Decimal Classification | Virtual | Virtual | Books | 15/02/2012 | ONLINE PUBLICATION | 154994-2001 | 06/08/2019 | 1 | 06/08/2019 | Book |